000 01189cab a2200301 4500
001 ABS59885
008 090401t1999 xxu||||| |||| 00| 0 eng d
035 _a(Sirsi) u90741
041 _aeng
100 _aBrown, C.
245 _aNot just simply the best
260 _c1999
350 _a0
490 _aEstates Gazette
_v(9902) 16 January 1999, 135(1)
520 _aExamines the case law surrounding the issue of the contractual obligation to use `all reasonable endeavours` and `best endeavours`, and discusses whether such phrases are enforcable against the party obliged to make the `endeavours`, what `reasonable` or `best` endeavours are, and how they differ.
650 _aBARING SECURITIES LTD V DG DURHAM GROUP PLC
650 _aBEST ENDEAVOURS
650 _aContracts
_96232
650 _aCONTRACTUAL OBLIGATIONS
650 _aLAMBERT V CYMRU (WALES) LTD
650 _aP&O PROPERTY HOLDINGS LTD V NORWICH UNION LIFE INSURANCE
650 _aPHILLIPS PETROLEUM CO (UK) LTD V ENRON (EUROPEAN) LTD
650 _aREASONABLE ENDEAVOURS
650 _aWALFORD V MILES
690 _aBUILT ENVIRONMENT-BUILDING CONTRACT FORMS
942 _n0
948 _c15/01/1999
999 _c57541
_d57541